Wird geladen...

Biotechnology : food fermentation : microbiology, biochemistry, and technology /

Bibliographische Detailangaben
Weitere Verfasser: Joshi, V. K., Pandey, Ashok
Format: Printed Book
Sprache:English
Veröffentlicht: New Delhi : Educational Publishers & Distributors : Exclusive distributors, Asiatech Publishers Inc., c1999.
Schlagworte:
LEADER 03299cam a2200445 a 4500
008 000103s1999 ii a b 001 0 eng
999 |c 51149  |d 51149 
010 |a  99945633  
020 |a 8187198044 
025 |a I-E-99-945633; 541 
035 |a (DLC) 99945633 
042 |a lcode 
043 |a a-ii--- 
082 0 0 |a 664/.024  |2 21 
245 0 0 |a Biotechnology :  |b food fermentation : microbiology, biochemistry, and technology /  |c editors, V.K. Joshi, Ashok Pandey. 
260 |a New Delhi :  |b Educational Publishers & Distributors :  |b Exclusive distributors, Asiatech Publishers Inc.,  |c c1999. 
300 |a 2 v. (1372) p. :  |b ill. ;  |c 25 cm. 
504 |a Includes bibliographical references and index. 
505 0 |a v. 1. Basic -- v. 2. Applied. 
650 0 |a Fermented foods. 
650 0 |a Food industry and trade. 
700 1 |a Joshi, V. K., 
700 1 |a Pandey, Ashok. 
942 |c REF 
906 |a 7  |b cbc  |c origode  |d 3  |e ncip  |f 19  |g y-gencatlg 
955 |a apr;01/03/2000; wd29; yj02 03-03-01; yj12 to Dewey 03-28-01; aa07 04-27-01 
952 |0 0  |1 0  |2 ddc  |4 0  |6 660_284490000000000_JOS_B_1  |7 0  |9 51127  |a UL  |b UL  |c REF  |d 2012-10-27  |h Vol.1  |l 0  |o 660.28449 JOS/B.1  |p 73834  |r 2012-10-27  |y REF 
952 |0 0  |1 0  |2 ddc  |4 0  |6 660_284490000000000_JOS_B_2  |7 0  |9 51128  |a UL  |b UL  |c REF  |d 2012-10-27  |h Vol.2  |l 0  |o 660.28449 JOS/B.2  |p 73835  |r 2012-10-27  |y REF 
952 |0 0  |1 0  |2 ddc  |4 0  |6 664_024000000000000_JOS_B_1  |7 0  |9 56503  |a UL  |b UL  |c ST1  |d 2012-10-27  |h Vol.1  |l 0  |o 664.024 JOS/B.1  |p 81776  |r 2012-10-27  |y TXT 
952 |0 0  |1 0  |2 ddc  |4 0  |6 664_024000000000000_JOS_B_2  |7 0  |9 56504  |a UL  |b UL  |c ST1  |d 2012-10-27  |h Vol.2  |l 0  |o 664.024 JOS/B.2  |p 81777  |r 2012-10-27  |y TXT 
952 |0 0  |1 0  |2 ddc  |4 0  |6 663_130000000000000_JOS_B  |7 0  |9 137255  |a LIF  |b LIF  |c ST1  |d 2009-08-02  |h vol. 1  |i 1883  |l 11  |m 7  |o 663.13 JOS/B  |p LIF1883  |r 2019-08-21  |s 2018-09-26  |w 2018-08-15  |y BK 
952 |0 0  |1 0  |4 0  |6 663_130000000000000_JOS_B  |7 0  |9 137256  |a LIF  |b LIF  |c ST1  |d 2009-08-02  |i 1865  |l 0  |o 663.13 JOS/B  |p LIF1865  |r 2009-08-02  |w 2009-08-02  |y BK 
952 |0 0  |1 0  |4 0  |6 663_130000000000000_JOS_B  |7 0  |9 137274  |a LIF  |b LIF  |c ST1  |d 2009-08-02  |i 1884  |l 7  |m 9  |o 663.13 JOS/B  |p LIF1884  |r 2017-03-20  |s 2016-10-03  |w 2009-08-02  |y BK 
952 |0 0  |1 0  |4 0  |6 664_024000000000000_JOS_B  |7 0  |9 162577  |a BIO  |b BIO  |c ST1  |d 2018-08-23  |g 2.00  |h V.1  |i 653  |l 0  |o 664.024 JOS/ B  |p BIO653  |r 2013-12-28  |w 2018-08-10  |y BK 
952 |0 0  |1 0  |4 0  |6 664_024000000000000_JOS_B  |7 0  |9 162578  |a BIO  |b BIO  |c ST1  |d 2015-12-04  |h V.2  |i 654  |l 0  |o 664.024 JOS/ B  |p BIO654  |r 2015-12-04  |w 2015-12-04  |y BK 
952 |0 0  |1 0  |4 0  |6 664_024000000000000_JOS_B_1  |7 0  |9 318717  |a SHS  |b SHS  |c ST1  |d 2011-03-17  |g 2750.00  |h vol.1  |i 922  |l 10  |m 1  |o 664.024 JOS/B.1  |p SHS922  |r 2020-02-11  |s 2019-03-08  |w 2018-08-21  |y BK 
952 |0 0  |1 0  |4 2  |6 664_024000000000000_JOS_B_2  |7 0  |9 318718  |a SHS  |b SHS  |c ST1  |d 2011-03-17  |h vol.2  |i 923  |l 8  |o 664.024 JOS/B.2  |p SHS923  |r 2019-03-22  |s 2019-03-08  |w 2017-12-11  |y BK 
952 |0 0  |1 0  |4 0  |6 664_024000000000000_JOS_B  |7 0  |9 318719  |a SHS  |b SHS  |c ST1  |d 2011-05-16  |g 3500.00  |h vol.2  |i 2753  |l 27  |o 664.024 JOS/B  |p SHS2753  |r 2020-02-24  |s 2020-01-31  |w 2018-08-21  |y BK 
952 |0 0  |1 0  |4 0  |6 664_024000000000000_JOS_B  |7 0  |9 318720  |a SHS  |b SHS  |c ST1  |d 2011-05-16  |h vol.1  |i 2752  |l 6  |o 664.024 JOS/B  |p SHS2752  |r 2019-07-22  |s 2019-07-20  |w 2017-12-11  |y BK 
952 |0 0  |1 0  |4 0  |6 664_024000000000000_JOS_B  |7 0  |9 318721  |a SHS  |b SHS  |c ST1  |d 2018-01-17  |g 1500.00  |h Vol.2  |i 3698  |l 3  |m 1  |o 664.024 JOS/B  |p SHS3698  |r 2020-01-23  |s 2018-12-22  |w 2018-01-17  |y BK